| 000 | 01197nac a22003857a 4500 | ||
|---|---|---|---|
| 001 | BR7604326 | ||
| 003 | BR-BrBNA | ||
| 005 | 20240105114006.0 | ||
| 008 | 230509b bl.|||m| |||| 00| 0 por d | ||
| 040 |
_aBR-BrBNA _bpor _cBiblioteca Nacional de Agricultura |
||
| 072 | _aE70; E15; F00 | ||
| 090 | _a1300 BR7604326 | ||
| 100 | 1 | _aQueiroz, E.A. | |
| 100 | 1 | _aPorto, B.S. | |
| 100 | 1 | _aBrandt, S.A. | |
| 100 | 1 | _aAmaral, A.L. | |
| 100 | 1 | _aOliveira, L.G. | |
| 110 | 1 |
_aComissao Estadual de Planejamento Agricola, Cuiaba, MT (Brasil) _92045 |
|
| 245 | 1 | _aComercializacao de hortalicas em Cuiaba e Campo Grande Estado de Mato Grosso [Brasil] | |
| 260 | 3 |
_aCuiaba, MT (Brasil): _c1976. |
|
| 300 | _a41 p. | ||
| 490 |
_aSerie Pesquisa e Planejamento Agricola - Comissao Estadual de Planejamento Agricola (Brazil) _vno. 7604 _x |
||
| 500 | _a23 ref.; 11 illus. | ||
| 650 | _aHORTALICA | ||
| 650 | _aPESQUISA DE MERCADO | ||
| 650 | _aABASTECIMENTO | ||
| 650 | _aDESPESA | ||
| 650 | _aCUSTO | ||
| 650 | _aCOMERCIALIZACAO | ||
| 650 | _aCUIABA | ||
| 650 | _aCAMPO GRANDE | ||
| 650 | _aMATO GROSSO | ||
| 909 |
_a202312 _bLúcia Elande _c55 _dLúcia Elande |
||
| 942 |
_2AGRIS _n0 _cMS |
||
| 999 |
_c266763 _d266763 |
||